New Dutch patents act
Gardado en:
| Formato: | Libro |
|---|---|
| Idioma: | Undetermined |
| Publicado: |
The Hague, Netherlands
Kluwer Law International
1995
|
| Những chủ đề: | |
| Các nhãn: |
Engadir etiqueta
Sen Etiquetas, Sexa o primeiro en etiquetar este rexistro!
|
| Thư viện lưu trữ: | Trung tâm Học liệu Trường Đại học Cần Thơ |
|---|
| LEADER | 00512nam a2200181Ia 4500 | ||
|---|---|---|---|
| 001 | CTU_27182 | ||
| 008 | 210402s9999 xx 000 0 und d | ||
| 020 | |c 80.75 | ||
| 082 | |a 346.0486 | ||
| 082 | |b N532 | ||
| 245 | 0 | |a New Dutch patents act | |
| 260 | |a The Hague, Netherlands | ||
| 260 | |b Kluwer Law International | ||
| 260 | |c 1995 | ||
| 650 | |a Civil rights,Patent laws and legislation | ||
| 650 | |z Netherlands | ||
| 904 | |i Minh, Giang sửa | ||
| 980 | |a Trung tâm Học liệu Trường Đại học Cần Thơ | ||